[Event "Mondiale Lampo FIDE 2019"]
[Site "Mosca"]
[Date "29.12.2019"]
[Round "7.74"]
[White "Potapov, Pavel"]
[Black "Alekseenko, Kirill"]
[Result "1/2-1/2"]
[WhiteTitle "GM"]
[BlackTitle "GM"]
[WhiteElo "2482"]
[BlackElo "2704"]
[WhiteFideId "4169786"]
[BlackFideId "4135539"]
[EventDate "2019.12.29"]

1. e4 Nc6 2. Nf3 d6 3. d4 Nf6 4. Nc3 g6 5. d5 Nb8 6. Be2 Bg7 7. O-O O-O 8. Be3
c6 9. h3 Nbd7 10. Qd2 a6 11. a4 a5 12. Rfd1 Qc7 13. Bh6 cxd5 14. exd5 Qb6 15.
Bxg7 Kxg7 16. Nb5 Ne4 17. Qd4+ Qxd4 18. Rxd4 Nec5 19. b3 Nf6 20. Re1 Rd8 21. Bd1
Kf8 22. g4 Bd7 23. Na3 Rdb8 24. Be2 b6 25. Bf1 Rc8 26. Kh2 Rab8 27. Kg3 h6 28.
Nd2 Rc7 29. f4 Bc8 30. Nb5 Rd7 31. Bc4 Ba6 32. Nf3 Rc8 33. Re2 Bxb5 34. Bxb5
Rdc7 35. Bc6 Na6 36. c4 Nb4 37. Bb5 Kg7 38. Rd1 Rh8 39. Nd4 h5 40. g5 h4+ 41.
Kf3 Nh5 42. Re3 Ng3 43. Rde1 Kf8 44. Kg4 Nf5 45. Nxf5 gxf5+ 46. Kxf5 Nc2 47. Kg4
Nxe1 48. Rxe1 Kg7 49. f5 f6 50. g6 Rh6 51. Re6 Rh8 52. Bc6 Rh6 53. Bb5 1/2-1/2

[Event "Mondiale Lampo FIDE 2019"]
[Site "Mosca"]
[Date "29.12.2019"]
[Round "7.75"]
[White "Sanal, Vahap"]
[Black "Rychagov, Andrey"]
[Result "1-0"]
[WhiteTitle "GM"]
[BlackTitle "GM"]
[WhiteElo "2549"]
[BlackElo "2545"]
[WhiteFideId "6300545"]
[BlackFideId "4119932"]
[EventDate "2019.12.29"]

1. e4 e6 2. d4 d5 3. Nd2 c5 4. exd5 exd5 5. Ngf3 Nc6 6. Bb5 Bd6 7. dxc5 Bxc5 8.
O-O Ne7 9. Nb3 Bd6 10. Bd3 h6 11. h3 O-O 12. c3 Bf5 13. Re1 Qd7 14. Nbd4 Bxd3
15. Qxd3 Rad8 16. Be3 Rfe8 17. Rad1 Bb8 18. Qd2 Ng6 19. Qc2 Nxd4 20. Rxd4 a6 21.
Red1 Qc6 22. R4d3 Bf4 23. Nd4 Qc7 24. Bxf4 Nxf4 25. Rf3 Qe5 26. Qd2 Ne2+ 27.
Nxe2 Qxe2 28. Rd3 Qxd2 29. R3xd2 Re5 30. c4 Kf8 31. cxd5 Rc8 32. d6 Rd8 33. Rc1
Rd7 34. f4 Re6 35. Rc8+ Re8 36. Rc7 Red8 37. Rxd7 Rxd7 38. Kf2 f5 39. Rd5 g6 40.
Ke3 Kf7 41. Kd4 b6 42. Ke5 Rd8 43. Rd1 Re8+ 44. Kd5 Rc8 45. d7 1-0

[Event "Mondiale Lampo FIDE 2019"]
[Site "Mosca"]
[Date "29.12.2019"]
[Round "7.76"]
[White "Makarian, Rudik"]
[Black "Bologan, Victor"]
[Result "0-1"]
[WhiteTitle "IM"]
[BlackTitle "GM"]
[WhiteElo "2397"]
[BlackElo "2574"]
[WhiteFideId "44105681"]
[BlackFideId "13900048"]
[EventDate "2019.12.29"]

1. Nf3 d6 2. d4 Nf6 3. c4 g6 4. Nc3 Bf5 5. g3 Ne4 6. Bd2 Bg7 7. Bg2 Nxc3 8. Bxc3
Be4 9. O-O O-O 10. Bh3 Bxf3 11. exf3 c5 12. Rc1 Nc6 13. dxc5 dxc5 14. Bxg7 Kxg7
15. f4 Nd4 16. Re1 e6 17. Bg2 Qb6 18. Qd2 Rad8 19. Qc3 Kg8 20. h4 h5 21. Re5 Rd7
22. Kh2 Rfd8 23. Rce1 a5 24. b3 Qc7 25. Bh3 b6 26. R1e3 Rd6 27. Rg5 Qd7 28. Ree5
Nc6 29. Re2 Rd2 30. Rxd2 Qxd2 31. Qf3 Nd4 32. Qxh5 Qxf2+ 33. Bg2 Kg7 34. Qd1 Rd6
35. Kh3 Nf5 36. Qa1+ Kg8 37. Qf6 Rd2 38. Rxg6+ fxg6 39. Qxg6+ Ng7 40. Bc6 Qf1+
41. Kg4 Qd3 42. Qf6 Qf5+ 43. Qxf5 exf5+ 44. Kg5 Rd3 45. Bd5+ Kh7 0-1

[Event "Mondiale Lampo FIDE 2019"]
[Site "Mosca"]
[Date "29.12.2019"]
[Round "7.77"]
[White "Andriasian, Zaven"]
[Black "Xu, Xiangyu"]
[Result "1/2-1/2"]
[WhiteTitle "GM"]
[BlackTitle "GM"]
[WhiteElo "2611"]
[BlackElo "2582"]
[WhiteFideId "13302000"]
[BlackFideId "8608288"]
[EventDate "2019.12.29"]

1. e4 e5 2. Bc4 Nf6 3. d3 c6 4. Bb3 d5 5. Nd2 a5 6. c3 Bd6 7. Ngf3 O-O 8. O-O
Bg4 9. Re1 Nbd7 10. h3 Bh5 11. Nf1 Nc5 12. Bc2 Ne6 13. Ng3 Bxf3 14. Qxf3 dxe4
15. dxe4 a4 16. Nf5 Bc7 17. Be3 g6 18. Rad1 Qe8 19. Nd6 Bxd6 20. Rxd6 Qe7 21.
Rd2 Kg7 22. Red1 Rfd8 23. g3 b5 24. Kg2 Rxd2 25. Rxd2 Rd8 26. Qd1 Rxd2 27. Qxd2
Nc5 28. f3 Nfd7 29. h4 h5 30. b3 axb3 31. axb3 Ne6 32. b4 Nf6 33. Bb3 Qd7 34.
Qe2 Ne8 35. Bc2 Qd6 36. Qf2 Qd8 37. Bb3 Qd7 38. Qd2 Qxd2+ 39. Bxd2 Kf6 40. f4
Nd6 41. Kf3 Nc4 42. Bc1 Ke7 43. Bc2 exf4 44. gxf4 Nd6 45. f5 gxf5 46. exf5 Ng7
47. Kf4 Kf6 48. Bb2 Nc4 49. Bc1 Nd6 50. Bb2 Nc4 51. Bc1 Nd6 52. Bb2 1/2-1/2

[Event "Mondiale Lampo FIDE 2019"]
[Site "Mosca"]
[Date "29.12.2019"]
[Round "7.78"]
[White "Postny, Evgeny"]
[Black "Tissir, Mohamed"]
[Result "1-0"]
[WhiteTitle "GM"]
[BlackTitle "IM"]
[WhiteElo "2605"]
[BlackElo "2379"]
[WhiteFideId "2804344"]
[BlackFideId "9000240"]
[EventDate "2019.12.29"]

1. d4 e6 2. c4 c5 3. d5 exd5 4. cxd5 d6 5. Nf3 Ne7 6. Bf4 Ng6 7. Bg3 Be7 8. Nbd2
O-O 9. e4 Nd7 10. Be2 Re8 11. O-O Bf8 12. Qc2 a6 13. a4 Nf6 14. Rfe1 Nh5 15. Bf1
Nhf4 16. Nc4 Bg4 17. Nfd2 h5 18. h3 Bd7 19. Nf3 b5 20. axb5 Bxb5 21. Ne3 Qf6 22.
Nf5 Bd7 23. Rad1 a5 24. Bh2 h4 25. Bc4 Rab8 26. b3 a4 27. bxa4 Rb2 28. Qc1 Rb4
29. Bxf4 Nxf4 30. Qxf4 Rxc4 31. a5 Ba4 32. Rd2 Bc2 33. Qxh4 Qxh4 34. N3xh4 Rcxe4
35. Rxe4 Bxe4 36. Re2 Re5 37. f4 Re8 38. Ng3 Ra8 39. Nxe4 Rxa5 40. Nf5 Ra4 41.
Nexd6 Rxf4 42. Re8 g6 43. g3 Ra4 44. Nh6+ Kg7 45. Nhxf7 c4 46. Rc8 Ra3 47. Rc7
Kf6 48. Nxc4 Rxg3+ 49. Kh2 Rc3 50. d6 Ke6 51. Ng5+ Kd5 52. Rb7 1-0

[Event "Mondiale Lampo FIDE 2019"]
[Site "Mosca"]
[Date "29.12.2019"]
[Round "7.79"]
[White "Geller, Jakov"]
[Black "Vallejo Pons, Francisco"]
[Result "0-1"]
[WhiteTitle "GM"]
[BlackTitle "GM"]
[WhiteElo "2521"]
[BlackElo "2704"]
[WhiteFideId "4151984"]
[BlackFideId "2205530"]
[EventDate "2019.12.29"]

1. e4 e6 2. d4 d5 3. Nc3 Bb4 4. e5 c5 5. a3 Bxc3+ 6. bxc3 Qa5 7. Bd2 Qa4 8. h4
Ne7 9. h5 h6 10. Nf3 b6 11. Rh4 c4 12. Rg4 Rg8 13. Rf4 Nd7 14. g3 Nf8 15. Qb1
Bd7 16. Be2 Nh7 17. Kf1 g5 18. hxg6 Nxg6 19. Rg4 h5 20. Rg5 Nxg5 21. Bxg5 Bc6
22. Bf6 Kd7 23. Qc1 Kc7 24. Bd1 Raf8 25. Qh6 Qa5 26. Qe3 Ba4 27. Rb1 Kb7 28. Rb4
Bd7 29. Qc1 Kc7 30. Ne1 Qa6 31. Bxh5 Qc8 32. Ng2 Qe8 33. Ne3 Ne7 34. Rb1 Nc6 35.
Bf3 Qc8 36. Ng4 Qa6 37. Ra1 Qa5 38. Qd2 Rg6 39. Bh4 Rh8 40. Nf6 Ne7 41. Bg4 Bc8
42. f3 Nc6 43. Kg2 Qa4 44. Qe2 Qa5 45. Qd2 Bd7 46. Kf2 Qa4 47. Kg2 Qa6 48. Bg5
Qa5 49. Bh4 a6 50. Bg5 Bc8 51. Bh4 Na7 52. Nh5 Nb5 53. Bf6 Rh7 54. Nf4 Rg8 55.
Ne2 Rg6 56. a4 Rgh6 57. Kf2 Rh2+ 58. Ke3 Nxc3 59. Re1 Nxe2 60. Qxa5 bxa5 61.
Rxe2 Rxe2+ 62. Kxe2 Rh2+ 63. Kd1 Bd7 64. Be7 Bxa4 0-1

[Event "Mondiale Lampo FIDE 2019"]
[Site "Mosca"]
[Date "29.12.2019"]
[Round "7.80"]
[White "Castellanos Rodriguez, Renier"]
[Black "Tsoi, Dmitry"]
[Result "1-0"]
[WhiteTitle "IM"]
[BlackTitle "FM"]
[WhiteElo "2474"]
[BlackElo "2321"]
[WhiteFideId "3404650"]
[BlackFideId "24194697"]
[EventDate "2019.12.29"]

1. e4 d6 2. d4 Nf6 3. Bd3 e5 4. d5 c6 5. c4 b5 6. dxc6 bxc4 7. Bxc4 Nxc6 8. Nc3
Be7 9. Nf3 O-O 10. h3 Rb8 11. O-O Na5 12. Be2 Bb7 13. b4 Nc6 14. a3 a5 15. b5
Na7 16. Qd3 Nc8 17. Bg5 Nd7 18. Bxe7 Qxe7 19. Rfd1 Nc5 20. Qe3 Nb6 21. Nd2 Rbc8
22. Nc4 Nxc4 23. Bxc4 Na4 24. Nd5 Bxd5 25. Bxd5 Nc3 26. Rd3 Nxb5 27. Qb6 Nd4 28.
Qxa5 Rc5 29. Qa6 Ne2+ 30. Kh2 Nf4 31. Rd2 Qg5 32. g3 Nxh3 33. Qxd6 Qh5 34. Qxc5
Ng5+ 35. Kg1 Nf3+ 36. Kg2 Nxd2 37. Qe3 Nxe4 38. Bxe4 f5 39. Bd5+ Kh8 40. Qxe5
Qg6 41. Bf3 f4 42. g4 h6 43. a4 Qa6 44. a5 Kh7 45. Qe4+ Kh8 46. Ra4 Kg8 47. Qc4+ 1-0

[Event "Mondiale Lampo FIDE 2019"]
[Site "Mosca"]
[Date "29.12.2019"]
[Round "7.81"]
[White "Gundavaa, Bayarsaikhan"]
[Black "Shcherbakov, Ruslan"]
[Result "1-0"]
[WhiteTitle "GM"]
[BlackTitle "GM"]
[WhiteElo "2489"]
[BlackElo "2527"]
[WhiteFideId "4901045"]
[BlackFideId "4102240"]
[EventDate "2019.12.29"]

1. d4 Nf6 2. c4 e6 3. g3 c5 4. d5 exd5 5. cxd5 d6 6. Nc3 g6 7. Bg2 Bg7 8. Nf3
O-O 9. O-O Re8 10. Bf4 Ne4 11. Nxe4 Rxe4 12. Nd2 Rxf4 13. gxf4 Bxb2 14. Rb1 Bg7
15. Nc4 Bh6 16. e3 Qe7 17. Qf3 Nd7 18. e4 Qf6 19. e5 Qxf4 20. Qxf4 Bxf4 21. Nxd6
Nxe5 22. Nxc8 Rxc8 23. Rxb7 c4 24. Be4 c3 25. d6 Rd8 26. Rd1 Bd2 27. Rc7 a5 28.
Kg2 Kg7 29. Bc2 Kf6 30. Bb3 h5 31. f4 Bxf4 32. Rxc3 Ng4 33. Rd4 Bxd6 34. Rf3+
Ke5 35. Rd5+ Ke4 36. Rdd3 f5 37. h3 Ne5 38. Bd5# 1-0

[Event "Mondiale Lampo FIDE 2019"]
[Site "Mosca"]
[Date "29.12.2019"]
[Round "7.82"]
[White "Huzman, Alexander"]
[Black "Tregubov, Pavel V."]
[Result "1/2-1/2"]
[WhiteTitle "GM"]
[BlackTitle "GM"]
[WhiteElo "2567"]
[BlackElo "2588"]
[WhiteFideId "2803828"]
[BlackFideId "4115341"]
[EventDate "2019.12.29"]

1. Nf3 Nf6 2. c4 c5 3. g3 Nc6 4. d4 cxd4 5. Nxd4 d5 6. Bg2 e6 7. O-O Bc5 8. Nb3
Bb6 9. cxd5 Nxd5 10. Na3 O-O 11. Nc4 Bc7 12. e4 Nb6 13. Qe2 Nxc4 14. Qxc4 e5 15.
Be3 Be6 16. Qb5 Bb6 17. Rfd1 Qc7 18. Nc5 Bg4 19. Rdc1 Rad8 20. h3 Bc8 21. a3 Qe7
22. b4 Nd4 23. Bxd4 Rxd4 24. Rc2 Rfd8 25. Rac1 h5 26. h4 Bg4 27. Kh2 Rd2 28. a4
Bd1 29. Rxd2 Rxd2 30. Qf1 Bxc5 31. Rxc5 Bxa4 32. Qe1 Rd4 33. Qc3 a6 34. Qf3 g6
35. Qe3 Kg7 36. Qc3 Bc6 37. f4 f6 38. fxe5 fxe5 39. Qe3 Qf6 40. Qe1 Qe6 41. Qc3
Qf6 42. Qe1 Qd6 43. Qc3 Kh6 44. Qc1+ Kh7 45. Qg5 Kg7 46. Rxe5 Kg8 47. Re7 Rd2
48. Re6 Qxe6 49. Qxd2 Bxe4 50. Qe3 Bd5 51. Qxe6+ Bxe6 52. Bxb7 1/2-1/2

[Event "Mondiale Lampo FIDE 2019"]
[Site "Mosca"]
[Date "29.12.2019"]
[Round "7.83"]
[White "Turov, Maxim"]
[Black "Lobanov, Sergei"]
[Result "1-0"]
[WhiteTitle "GM"]
[BlackTitle "IM"]
[WhiteElo "2574"]
[BlackElo "2504"]
[WhiteFideId "4120086"]
[BlackFideId "24183750"]
[EventDate "2019.12.29"]

1. d4 Nf6 2. Nf3 d5 3. c4 c6 4. Nc3 e6 5. e3 Nbd7 6. Qc2 Bd6 7. b3 O-O 8. Bb2 e5
9. Be2 e4 10. Nd2 a6 11. g4 Qa5 12. g5 Ne8 13. a3 Be7 14. b4 Qc7 15. cxd5 cxd5
16. Qb3 Nb6 17. Nxd5 Nxd5 18. Qxd5 Be6 19. Qxe4 Bxg5 20. d5 Bf6 21. Rc1 Qd8 22.
dxe6 fxe6 23. Bxf6 Nxf6 24. Qe5 Nd5 25. Rg1 Rf6 26. Ne4 Rf7 27. Qxe6 Nf6 1-0

[Event "Mondiale Lampo FIDE 2019"]
[Site "Mosca"]
[Date "29.12.2019"]
[Round "7.84"]
[White "Kazhgaleyev, Murtas"]
[Black "Atabayev, Maksat"]
[Result "0-1"]
[WhiteTitle "GM"]
[BlackTitle "GM"]
[WhiteElo "2569"]
[BlackElo "2475"]
[WhiteFideId "13700316"]
[BlackFideId "14001101"]
[EventDate "2019.12.29"]

1. d4 Nf6 2. c4 e6 3. Nc3 Bb4 4. e3 O-O 5. Bd3 c5 6. Ne2 d5 7. cxd5 exd5 8. O-O
Nc6 9. a3 Bxc3 10. bxc3 Bg4 11. f3 Bh5 12. Nf4 Bg6 13. Nxg6 hxg6 14. Rb1 Qe7 15.
Re1 Rfe8 16. a4 cxd4 17. cxd4 Nxd4 18. Bd2 Ne6 19. Bc3 Rac8 20. Qd2 Red8 21. Bf1
Nc5 22. a5 Qc7 23. Bd4 b6 24. axb6 axb6 25. Qb4 Nfd7 26. Red1 Ne6 27. Bxb6 Nxb6
28. Qxb6 Qxb6 29. Rxb6 d4 30. e4 g5 31. Rb5 Rc3 32. Rd5 Rb8 33. Rb5 Ra8 34. Rb2
g6 35. Kf2 Kg7 36. Rbd2 Rh8 37. h3 Rb8 38. Ra1 Rbc8 39. Rb1 Kf6 40. Ra1 Rc2 41.
Rd1 Ke5 42. Bd3 Rxd2+ 43. Rxd2 Rc3 44. Bb1 Nf4 45. Rb2 Rc5 46. Rb7 f6 47. Re7+
Kd6 48. Rb7 Rc1 49. g3 Nxh3+ 50. Kg2 g4 51. fxg4 Ng5 52. Rb5 Rd1 53. Kf2 Rd2+
54. Kf1 Nf3 55. Rb6+ Ke7 56. Rb5 Nh2+ 57. Ke1 Nf3+ 58. Kf1 d3 59. Rb3 Nh2+ 60.
Ke1 Nf3+ 61. Kf1 Ne5 62. Ke1 Re2+ 63. Kf1 Re3 64. Kf2 Rf3+ 65. Kg2 Re3 66. Rb7+
Kd6 67. Rb5 Ke7 68. Rd5 g5 69. Kh3 Kf8 70. Kg2 Ke7 71. Kh3 Ke6 72. Kg2 Ke7 73.
Kh3 Kf7 74. Kg2 Kg6 75. Kh3 Kh6 76. Kg2 Kg7 77. Kh3 Kf7 78. Kg2 Ke7 79. Kh3 Rf3
80. Kg2 Re3 81. Kh3 Rf3 82. Kg2 Re3 83. Kh3 Ke6 84. Kg2 Re2+ 85. Kf1 Rxe4 86.
Rd8 Re3 87. Kg2 Ke7 88. Rd4 Re2+ 89. Kf1 Rd2 90. Rb4 Kd6 91. Ke1 Nf3+ 92. Kf1
Kc5 93. Rb8 Kd4 94. Rb6 Ke3 95. Re6+ Ne5 96. Rb6 Rf2+ 97. Ke1 Nf3+ 0-1

[Event "Mondiale Lampo FIDE 2019"]
[Site "Mosca"]
[Date "29.12.2019"]
[Round "7.85"]
[White "Kazakouski, Valery"]
[Black "Galkin, Alexander"]
[Result "1/2-1/2"]
[WhiteTitle "IM"]
[BlackTitle "GM"]
[WhiteElo "2485"]
[BlackElo "2611"]
[WhiteFideId "13507443"]
[BlackFideId "4120426"]
[EventDate "2019.12.29"]

1. d4 d5 2. c4 e6 3. Nf3 c6 4. Qc2 Nf6 5. g3 dxc4 6. Qxc4 b5 7. Qc2 Bb7 8. Bg2
Nbd7 9. Ne5 Qb6 10. O-O c5 11. dxc5 Bxc5 12. Nxd7 Nxd7 13. Bxb7 Qxb7 14. Nc3 O-O
15. Qe4 Qb6 16. a4 Nf6 17. Qh4 b4 18. Ne4 Bd4 19. Ng5 Rac8 20. a5 Qc5 21. Nf3
Rfd8 22. Nxd4 Qxd4 23. Qxd4 Rxd4 24. Be3 Rd7 25. Rac1 Rcd8 26. Rc4 Nd5 27. Bd4
f6 28. e4 Nf4 29. Be3 Nd3 30. b3 Rb8 31. Rc6 Kf7 32. Ra6 Rbb7 33. Rd1 g5 34. Kf1
f5 35. exf5 exf5 36. Ke2 f4 37. Rxd3 fxe3 38. Rxd7+ Rxd7 39. Kxe3 Rc7 40. Kd4 h5
41. Rh6 Rc3 42. Rh7+ Kg6 43. Rxa7 Rxb3 44. f4 gxf4 45. gxf4 Rf3 46. Ke4 Ra3 47.
Ra6+ Kg7 48. Rb6 Rxa5 49. Rxb4 Kf7 50. Rb7+ Kg6 51. Rb6+ Kg7 52. Kf3 Ra2 53. Kg3
Kh7 54. h3 Ra4 55. Rf6 Kg7 56. Rf5 Kg6 57. Rg5+ Kh6 58. Rb5 Kg6 59. Rd5 Ra3+ 60.
Kh4 Rf3 61. Rg5+ Kf6 62. Kxh5 Rxf4 63. Rg1 Kf7 64. h4 Kf8 65. Kg5 Rf7 66. Kh6
Rf6+ 67. Kh7 Rf7+ 68. Kh6 Rf6+ 69. Kh5 Rf5+ 70. Kg6 Rf2 71. Ra1 Rg2+ 72. Kh6 Kf7
73. Ra7+ Kf8 1/2-1/2

[Event "Mondiale Lampo FIDE 2019"]
[Site "Mosca"]
[Date "29.12.2019"]
[Round "7.86"]
[White "Baron, Tal"]
[Black "Potkin, Vladimir"]
[Result "1-0"]
[WhiteTitle "GM"]
[BlackTitle "GM"]
[WhiteElo "2541"]
[BlackElo "2583"]
[WhiteFideId "2809958"]
[BlackFideId "4131061"]
[EventDate "2019.12.29"]

1. Nf3 c5 2. e4 e6 3. d4 cxd4 4. Nxd4 Nc6 5. Nc3 Qc7 6. Be3 a6 7. Qf3 Nf6 8.
O-O-O d6 9. Nxc6 bxc6 10. g4 Rb8 11. g5 Nd7 12. h4 Qa5 13. Bd2 Qb6 14. b3 d5 15.
h5 Ba3+ 16. Kb1 O-O 17. Qg3 Nc5 18. g6 d4 19. h6 fxg6 20. hxg7 Rf7 21. Bc4 Rxg7
22. Bh6 Rf7 23. Rxd4 Nxb3 24. Bxb3 Qxd4 25. Qxb8 Rf8 26. Bxf8 Qxc3 27. Bxa3 1-0

[Event "Mondiale Lampo FIDE 2019"]
[Site "Mosca"]
[Date "29.12.2019"]
[Round "7.87"]
[White "Dragnev, Valentin"]
[Black "Gurvich, Vitaly"]
[Result "1-0"]
[WhiteTitle "GM"]
[BlackTitle "FM"]
[WhiteElo "2553"]
[BlackElo "2230"]
[WhiteFideId "1634852"]
[BlackFideId "24164852"]
[EventDate "2019.12.29"]

1. d4 Nf6 2. c4 g6 3. Nc3 d5 4. cxd5 Nxd5 5. e4 Nxc3 6. bxc3 Bg7 7. Nf3 c5 8.
Be3 Qa5 9. Qd2 O-O 10. Rc1 Nc6 11. d5 Rd8 12. c4 Qxd2+ 13. Kxd2 b6 14. Bd3 Ne5
15. Nxe5 Bxe5 16. f4 Bg7 17. Rhe1 e6 18. Ke2 exd5 19. cxd5 f5 20. e5 Rxd5 21.
Bc4 Be6 22. Red1 Rad8 23. Bxd5 Bxd5 24. Bxc5 Kf7 25. Be3 Rd7 26. Rc8 Bf8 27.
Rdc1 Bxa2 28. R1c7 Be6 29. Rxd7+ Bxd7 30. Ra8 Kg7 31. Rxa7 1-0

[Event "Mondiale Lampo FIDE 2019"]
[Site "Mosca"]
[Date "29.12.2019"]
[Round "7.88"]
[White "Vishnu Prasanna, V"]
[Black "Yagupov, Igor"]
[Result "1-0"]
[WhiteTitle "GM"]
[BlackTitle "GM"]
[WhiteElo "2493"]
[BlackElo "2357"]
[WhiteFideId "5030692"]
[BlackFideId "4113632"]
[EventDate "2019.12.29"]

1. d4 d5 2. Nf3 Nf6 3. c4 c6 4. e3 Bf5 5. Nc3 e6 6. Nh4 Be4 7. f3 Bg6 8. Qb3 Qc7
9. Bd2 Be7 10. Rc1 Nbd7 11. g3 Nb6 12. cxd5 exd5 13. a4 Qd7 14. a5 Nc8 15. a6 b6
16. Kf2 Nd6 17. Nxg6 hxg6 18. Bd3 Kf8 19. Ne2 Re8 20. h4 Nf5 21. Nf4 Bd6 22. Qc2
Bxf4 23. gxf4 Ne7 24. b4 Rh5 25. b5 cxb5 26. Qc7 Qe6 27. Qxa7 Nf5 28. Rce1 Nxh4
29. Qc7 Ng4+ 30. Ke2 Nxe3 31. Kf2 Nxf3 32. Rxe3 1-0

[Event "Mondiale Lampo FIDE 2019"]
[Site "Mosca"]
[Date "29.12.2019"]
[Round "7.89"]
[White "Moiseenko, Vadim"]
[Black "Gukesh, D"]
[Result "0-1"]
[WhiteTitle "GM"]
[BlackTitle "GM"]
[WhiteElo "2526"]
[BlackElo "2547"]
[WhiteFideId "4123700"]
[BlackFideId "46616543"]
[EventDate "2019.12.29"]

1. e4 c5 2. Nf3 Nc6 3. Nc3 e5 4. Bc4 Be7 5. d3 d6 6. h4 h6 7. Be3 Nf6 8. Qd2 Nd4
9. Nh2 Nd7 10. g3 Nb6 11. Bb3 Nxb3 12. axb3 Be6 13. f4 exf4 14. Bxf4 g5 15. hxg5
hxg5 16. Be3 d5 17. exd5 Nxd5 18. Nxd5 Qxd5 19. O-O-O a5 20. Qc3 Rh3 21. d4 cxd4
22. Bxd4 Rc8 23. Qe3 Qg2 24. Qf2 Bd5 25. Rhe1 Qxf2 26. Bxf2 Rxh2 27. Rxd5 Rxf2
28. c3 Kf8 29. Rxa5 Rd8 30. Rb5 0-1

[Event "Mondiale Lampo FIDE 2019"]
[Site "Mosca"]
[Date "29.12.2019"]
[Round "7.90"]
[White "Batchuluun, Tsegmed"]
[Black "Reshetnikov, Alexey"]
[Result "0-1"]
[WhiteTitle "GM"]
[BlackTitle "IM"]
[WhiteElo "2530"]
[BlackElo "2492"]
[WhiteFideId "4900847"]
[BlackFideId "4162080"]
[EventDate "2019.12.29"]

1. d4 d6 2. Nf3 g6 3. c4 Bg7 4. e4 e5 5. Nc3 exd4 6. Nxd4 Ne7 7. Be2 Nbc6 8. Be3
O-O 9. O-O f5 10. Nxc6 bxc6 11. Bd4 Bxd4 12. Qxd4 c5 13. Qd2 Be6 14. b3 Qd7 15.
Rad1 Nc6 16. exf5 Rxf5 17. Bd3 Rff8 18. Be4 Rae8 19. Bxc6 Qxc6 20. Rfe1 Qd7 21.
Re3 Qf7 22. Rde1 Bd7 23. Nd5 Rxe3 24. Rxe3 Be6 25. Nxc7 Bxc4 26. bxc4 Qxc7 27.
g3 Qf7 28. Qe2 Qf5 29. Re7 Rf7 30. Re8+ Kg7 31. h4 h5 32. Kg2 Qf6 33. Re6 Qd4
34. Re4 Qf6 35. Re6 Qd4 36. Re4 Qf6 37. Re3 Kh7 38. Re4 0-1

[Event "Mondiale Lampo FIDE 2019"]
[Site "Mosca"]
[Date "29.12.2019"]
[Round "7.91"]
[White "Santos Ruiz, Miguel"]
[Black "Mesropov, Konstantin"]
[Result "1-0"]
[WhiteTitle "GM"]
[BlackTitle "IM"]
[WhiteElo "2585"]
[BlackElo "2422"]
[WhiteFideId "22291482"]
[BlackFideId "4116887"]
[EventDate "2019.12.29"]

1. e4 e6 2. d4 d5 3. Nd2 Nc6 4. Ngf3 Nf6 5. e5 Nd7 6. c3 f6 7. Bb5 fxe5 8. dxe5
Be7 9. Nd4 Nxd4 10. cxd4 O-O 11. Qg4 Kh8 12. Bd3 Qe8 13. Nf3 c5 14. Bg5 Rxf3 15.
gxf3 Bxg5 16. Qxg5 cxd4 17. Rc1 h6 18. Qg3 Qe7 19. Rc7 Qg5 20. f4 Qxg3 21. hxg3
b6 22. Kd2 Nc5 23. Rc1 a5 24. Bb5 a4 25. f3 Bb7 26. R1xc5 bxc5 27. Rxb7 c4 28.
Re7 Kh7 29. Rb7 d3 30. a3 Kg6 31. Rb6 Kf7 32. Bd7 Ke7 33. Bxe6 Ra5 34. Rd6 Rb5
35. Kc1 Rb3 36. Bxd5 d2+ 37. Kxd2 Rxb2+ 38. Kc3 Rb3+ 39. Kxc4 Rxa3 40. Kb4 Ra1
41. Ra6 Rb1+ 42. Kc5 Ra1 43. Kb4 Rb1+ 44. Kxa4 h5 45. Bb3 Rg1 46. Rg6 h4 47.
Rxg7+ Kf8 48. Rg8+ Ke7 49. gxh4 1-0

[Event "Mondiale Lampo FIDE 2019"]
[Site "Mosca"]
[Date "29.12.2019"]
[Round "7.92"]
[White "Narayanan, Srinath"]
[Black "Mamatov, Melis"]
[Result "1-0"]
[WhiteTitle "GM"]
[WhiteElo "2529"]
[BlackElo "2292"]
[WhiteFideId "5018420"]
[BlackFideId "13800027"]
[EventDate "2019.12.29"]

1. e4 c5 2. Nf3 d6 3. d4 cxd4 4. Nxd4 Nf6 5. Nc3 e5 6. Nb3 Be6 7. Be2 Be7 8. O-O
O-O 9. f4 Nc6 10. f5 Bxb3 11. axb3 Nd4 12. Kh1 h6 13. Bc4 a6 14. Be3 Nc6 15. Qf3
Rc8 16. Rfd1 b5 17. Bd5 Nb4 18. Qe2 Nfxd5 19. exd5 Bf6 20. Bxh6 e4 21. Nxe4 Rxc2
22. Qg4 Re8 23. Bxg7 Rxe4 24. Qxe4 Bxg7 25. Qxb4 Qg5 26. Rg1 Rxb2 27. Rae1 Be5
28. Rxe5 dxe5 29. Qd6 Rc2 30. Qxe5 Rc1 31. h3 Qd2 32. d6 Rxg1+ 33. Kxg1 Qd1+ 34.
Kh2 Kh7 35. Qe7 Kg7 36. d7 Qd2 37. d8=Q Qf4+ 38. Kg1 Qc1+ 39. Kf2 Qf4+ 40. Ke2 1-0

[Event "Mondiale Lampo FIDE 2019"]
[Site "Mosca"]
[Date "29.12.2019"]
[Round "7.93"]
[White "Al Ghamdi, Ahmed M"]
[Black "Inarkiev, Ernesto"]
[Result "1-0"]
[WhiteTitle "CM"]
[BlackTitle "GM"]
[WhiteElo "2107"]
[BlackElo "2663"]
[WhiteFideId "21500150"]
[BlackFideId "4162722"]
[EventDate "2019.12.29"]

1. e4 c5 2. Nf3 e6 3. Nc3 Nc6 4. g3 Nf6 5. Bg2 Be7 6. O-O d6 7. d4 cxd4 8. Nxd4
Bd7 9. Ndb5 Qb8 10. Bf4 Ne5 11. h3 O-O 12. Bc1 a6 13. Nd4 Qc7 14. Qe2 Rac8 15.
Kh2 b5 16. a3 Nc4 17. f4 Qb6 18. Nf3 Bc6 19. Nd2 Bb7 20. Nxc4 Rxc4 21. e5 dxe5
22. fxe5 Nd7 23. Bxb7 Qxb7 24. Bf4 Qc6 25. Qf3 Qxf3 26. Rxf3 Nb6 27. Rd1 Rfc8
28. Rfd3 R4c6 29. Bc1 Kf8 30. Kg2 h6 31. Kf3 Bxa3 32. Nxb5 axb5 33. Rxa3 Rxc2
34. Bf4 Rxb2 35. Ra7 Nd5 36. Rda1 1-0

[Event "Mondiale Lampo FIDE 2019"]
[Site "Mosca"]
[Date "29.12.2019"]
[Round "7.94"]
[White "Thing, Bibek"]
[Black "Rozum, Ivan"]
[Result "0-1"]
[WhiteTitle "CM"]
[BlackTitle "GM"]
[WhiteElo "2222"]
[BlackElo "2573"]
[WhiteFideId "12303135"]
[BlackFideId "24104272"]
[EventDate "2019.12.29"]

1. e4 c6 2. d4 d5 3. exd5 cxd5 4. c4 Nf6 5. Nc3 e6 6. Nf3 Bb4 7. Qb3 Nc6 8. Bg5
dxc4 9. Bxc4 Be7 10. O-O O-O 11. Qd1 a6 12. Re1 b5 13. Bb3 Bb7 14. Bh4 Rc8 15.
Bg3 Na5 16. Bc2 Nc4 17. Rb1 Nxb2 18. Rxb2 Rxc3 19. Ne5 Qa8 20. f3 Rd8 21. Bf2
Rc7 22. Qb1 g6 23. a4 b4 24. a5 Nd5 25. Be4 Nc3 26. Bxb7 Qxb7 27. Qa1 Qd5 28.
Nd3 Qb5 29. Rc1 Qxd3 0-1

[Event "Mondiale Lampo FIDE 2019"]
[Site "Mosca"]
[Date "29.12.2019"]
[Round "7.95"]
[White "Gutenev, Alexander"]
[Black "Ismagambetov, Anuar"]
[Result "0-1"]
[WhiteTitle "IM"]
[BlackTitle "GM"]
[WhiteElo "2469"]
[BlackElo "2528"]
[WhiteFideId "4195540"]
[BlackFideId "13701525"]
[EventDate "2019.12.29"]

1. e4 c5 2. Nc3 Nc6 3. Bb5 g6 4. Bxc6 bxc6 5. f4 Bg7 6. Nf3 Nh6 7. d3 O-O 8. O-O
d6 9. h3 f6 10. Be3 Nf7 11. d4 cxd4 12. Nxd4 c5 13. Nf3 Rb8 14. Rb1 f5 15. e5
dxe5 16. fxe5 Qa5 17. Qd5 Ba6 18. Rfe1 Rbc8 19. Ng5 Qd8 20. Qxd8 Rfxd8 21. Ne6
Re8 22. Nxc5 Rc6 23. Nxa6 Rxa6 24. Bd4 Ng5 25. Rbd1 Ne6 26. Bf2 Rb8 27. b3 Rc6
28. Nd5 Rxc2 29. Nxe7+ Kf8 30. Nd5 Rxa2 31. b4 Rb7 32. Rc1 Rd2 33. Red1 Rxd1+
34. Rxd1 Kf7 35. Bg3 g5 36. Re1 Rb5 37. Rd1 Rb7 38. Re1 a6 39. Bf2 Rb5 40. Rd1
Bxe5 41. Be1 Bd4+ 42. Kf1 Rxd5 0-1